Normal view
MARC view
Entry Topical Term
001 - CONTROL NUMBER
- control field: 26020
003 - CONTROL NUMBER IDENTIFIER
- control field: OSt
005 - DATE AND TIME OF LATEST TRANSACTION
- control field: 20151231170156.0
008 - FIXED-LENGTH DATA ELEMENTS
- fixed length control field: 151231|| aca||aabn | a|a d
040 ## - CATALOGING SOURCE
- Original cataloging agency: OSt
- Transcribing agency: OSt
150 ## - HEADING--TOPICAL TERM
- Topical term or geographic name entry element: Economics
670 ## - SOURCE DATA FOUND
- Source citation: Work cat.: (OSt)33762: Gupta, M G 1656, Foreign Policies of major World Powers, 1986









